| 000 | 00528nam a2200217Ia 4500 | ||
|---|---|---|---|
| 003 | OSt | ||
| 005 | 20140314092440.0 | ||
| 008 | 140130s9999 xx 000 0 und d | ||
| 020 | _a0590457160 | ||
| 050 |
_aPZ 8.3 _b.C13Ro 1992 |
||
| 100 | _aCalmenson, Stephanie | ||
| 245 |
_aRoller Skates! / _cStephanie Calmenson. |
||
| 260 |
_bScholastic, _c1992. _aNew York : |
||
| 300 |
_a40 p. : _bcol. ill. ; _c23 cm. |
||
| 440 | _v1 | ||
| 521 | _aG4 | ||
| 526 | _c690 | ||
| 942 |
_cBK _2lcc |
||
| 999 |
_c40994 _d40994 |
||